Estadísticas para Rivales Internacionales Real Madrid

Haz click aquí para intentar la prueba.

Estadísticas generales

  • Esta prueba ha sido intentada 82 veces
  • La puntuación promedio es 52 de 146

Estadísticas de respuestas

PaísCompetición(es)Último enfrentamientoEquipo% Correcto
AlemaniaChampions LeagueSemifinal Champions League 2017/18Bayern Múnich
97%
Alemania FederalCopa de EuropaCuartos de Final Copa de Europa 1987/88Bayern Múnich
97%
AlemaniaChampions LeagueFinal Champions League 2001/02Bayer Leverkusen
95%
EspañaCopa de Europa // Champions LeagueSemifinal Champions League 2010/11Barcelona
87%
FranciaCopa de la UEFA // Recopa de Europa // Champions LeagueFase de Grupos Champions League 2019/20París Saint-Germain
87%
EspañaCopa de Europa // Champions League // Supercopa de EuropaSupercopa de Europa 2018Atlético de Madrid
85%
AlemaniaChampions LeagueFase de Grupos Champions League 2017/18Borussia Dortmund
85%
InglaterraChampions LeagueSemifinal Champions League 2015/16Manchester City
85%
InglaterraCopa de Europa // Champions League // Supercopa de EuropaSupercopa de Europa 2017Manchester United
85%
ItaliaCopa de Europa // Champions LeagueCuartos de Final Champions League 2017/18Juventus
82%
InglaterraCopa de Europa // Champions LeagueFinal Champions League 2017/18Liverpool
82%
FranciaChampions LeagueFase de Grupos Champions League 2011/12Olympique de Lyon
80%
ItaliaCopa de Europa // Recopa de Europa // Copa de la UEFA // Champions LeagueFase de Grupos Champions League 1998/99Inter de Milán
79%
EspañaChampions LeagueFinal Champions League 1999/00Valencia
79%
ItaliaCopa de Europa // Copa Latina // Champions LeagueFase de Grupos Champions League 2010/11AC Milan
77%
Países BajosCopa de Europa // Champions LeagueOctavos de Final Champions League 2018/19Ajax
75%
ArgentinaCopa Iberoamericana // Copa IntercontinentalCopa Intercontinental 2000Boca Juniors
75%
ItaliaCopa de Europa // Champions LeagueOctavos de Final Champions League 2016/17Napoli
75%
EspañaCopa de Europa // Supercopa de EuropaSupercopa de Europa 2016Sevilla
75%
InglaterraChampions LeagueOctavos de Final Champions League 2005/06Arsenal
74%
FranciaChampions LeagueFase de Grupos Champions League 2009/10Olympique de Marsella
74%
EscociaCopa de EuropaCuartos de Final Copa de Europa 1979/80Celtic Glasgow
72%
InglaterraRecopa de Europa // Supercopa de EuropaSupercopa de Europa 1998Chelsea
72%
EscociaCopa de EuropaRonda Previa Copa de Europa 1963/64Glasgow Rangers
70%
PortugalCopa Latina // Copa de EuropaCuartos de Final Copa de Europa 1964/65Benfica
69%
BélgicaCopa de Europa // Champions LeagueFase de Grupos Champions League 2019/20Brujas
67%
PortugalCopa de la UEFA // Champions LeagueFase de Grupos Champions League 2016/17Sporting CP
67%
PortugalCopa de Europa // Champions LeagueFase de Grupos Champions League 2003/04Oporto
66%
AlemaniaChampions LeagueOctavos de Final Champions League 2014/15Schalke 04
66%
ItaliaChampions LeagueFase de Grupos Champions League 2018/19Roma
64%
InglaterraCopa de la UEFA // Champions LeagueFase de Grupos Champions League 2017/18Tottenham Hotspur
64%
Alemania FederalCopa de Europa // Copa de la UEFAOctavos de Final Copa de la UEFA 1985/86Borussia Monchengladbach
61%
Países BajosRecopa de Europa // Copa de la UEFA // Copa de EuropaCuartos de Final Copa de Europa 1988/89PSV Eindhoven
61%
FranciaChampions LeagueCuartos de Final Champions League 2003/04AS Mónaco
57%
Alemania FederalCopa de EuropaFinal Copa de Europa 1959/60Eintracht Fránkfurt
57%
TurquíaSupercopa de Europa // Champions LeagueFase de Grupos Champions League 2019/20Galatasaray
57%
AlemaniaChampions LeagueCuartos de Final Champions League 2015/16Wolfsburgo
52%
Países BajosCopa de Europa // Supercopa de EuropaSupercopa de Europa 2002Feyenoord
49%
BélgicaCopa de Europa // Copa de la UEFA // Champions LeagueFase de Grupos Champions League 2001/02Anderlecht
48%
URSSCopa de EuropaCuartos de Final Copa de Europa 1972/73Dinamo Kiev
48%
UcraniaChampions LeagueFase de Grupos Champions League 2006/07Dinamo Kiev
48%
ParaguayCopa IntercontinentalCopa Intercontinental 2002Olimpia de Asunción
48%
ChipreChampions LeagueFase de Grupos Champions League 2017/18APOEL Nicosia
46%
DinamarcaChampions LeagueFase de Grupos Champions League 2013/14Copenhague
46%
YugoslaviaRecopa de Europa // Copa de EuropaCuartos de Final Copa de Europa 1986/87Estrella Roja
46%
ItaliaChampions LeagueFase de Grupos Champions League 2007/08Lazio
46%
ArgentinaMundial de ClubesFinal Mundial de Clubes 2014San Lorenzo de Almagro
46%
ChecoslovaquiaCopa de Europa // Copa de la UEFATreintaidosavos de Final Copa de la UEFA 1983/84Sparta Praga
46%
República ChecaChampions League2ª Fase de Grupos Champions League 2001/02Sparta Praga
46%
RusiaChampions LeagueFase de Grupos Champions League 2018/19CSKA Moscú
44%
SueciaChampions LeagueFase de Grupos Champions League 2015/16Malmö
44%
ItaliaCopa de EuropaFinal Copa de Europa 1956/57Fiorentina
43%
Alemania FederalCopa de EuropaSemifinal Copa de Europa 1979/80Hamburgo
43%
AustriaCopa de Europa // Copa de la UEFAOctavos de Final Copa de la UEFA 1981/82Rapid Viena
43%
UruguayCopa IntercontinentalCopa Intercontinental 1966Peñarol
41%
AlemaniaChampions LeagueFase de Grupos Champions League 2007/08Werder Bremen
41%
GreciaCopa de la UEFA // Champions LeagueFase de Grupos Champions League 2002/03AEK Atenas
39%
PoloniaChampions LeagueFase de Grupos Champions League 2016/17Legia Varsovia
39%
ItaliaCopa de la UEFASemifinal Copa de la UEFA 1991/92Torino
39%
TurquíaCopa de EuropaOctavos de Final Copa de Europa 1958/59Besiktas
36%
MéxicoMundial de ClubesSemifinal Mundial de Clubes 2014Cruz Azul
36%
CroaciaChampions LeagueFase de Grupos Champions League 2011/12Dinamo Zagreb
36%
BélgicaChampions LeagueFase de Grupos Champions League 2002/03Genk
36%
ChipreCopa de EuropaRonda Previa Copa de Europa 1969/70Olympiacos Nicosia
36%
GreciaChampions League2ª Fase de Grupos Champions 2001/02Panathinaikos
36%
RusiaChampions LeagueFase de Grupos Champions League 2008/09Zenit San Petersburgo
36%
Serbia y MontenegroChampions LeagueFase de Grupos Champions League 2003/04Partizan Belgrado
34%
YugoslaviaCopa de EuropaFinal Copa de Europa 1965/66Partizan Belgrado
34%
FranciaCopa Latina // Copa de EuropaFinal Copa de Europa 1958/59Stade Reims
34%
RumaníaChampions LeagueFase de Grupos Champions League 2006/07Steaua Bucarest
34%
MéxicoMundial de ClubesSemifinal Mundial de Clubes 2016América
33%
BrasilMundial de ClubesFinal Mundial de Clubes 2017Gremio
33%
InglaterraChampions League2ª Fase de Grupos Champions League 2000/01Leeds United
31%
EscociaRecopa de EuropaFinal Recopa de Europa 1982/83Aberdeen
30%
BielorrusiaChampions LeagueFase de Grupos Champions League 2008/09BATE Borisov
30%
GalesRecopa de EuropaCuartos de Final Recopa de Europa 1970/71Cardiff City
30%
RusiaCopa de la UEFADieciseisavos de Final Copa de la UEFA 1994/95Dinamo Moscú
30%
BulgariaCopa de EuropaDieciseisavos de Final Copa de Europa 1979/80Levski Sofia
30%
Alemania FederalCopa de la UEFAFinal Copa de la UEFA 1985/86Colonia
26%
BrasilMundial de ClubesFase de Grupos Mundial de Clubes 2000Corinthians
26%
RumaníaCopa de EuropaDieciseisavos de Final Copa de Europa 1975/76Dinamo Bucarest
26%
UcraniaChampions LeagueFase de Grupos Champions League 2015/16Shakhtar Donetsk
26%
URSSCopa de EuropaCuartos de Final Copa de Europa 1990/91Spartak Moscú
26%
RusiaChampions LeagueFase de Grupos Champions League 2000/01Spartak Moscú
26%
BulgariaChampions LeagueFase de Grupos Champions League 2014/15Ludogorets Razgrad
25%
GreciaChampions LeagueFase de Grupos Champions League 2007/08Olympiacos
25%
MarruecosMundial de ClubesFase de Grupos Mundial de Clubes 2000Raja Casablanca
25%
AustriaRecopa de EuropaSemifinal Recopa de Europa 1982/83Austria Viena
23%
FranciaCopa de EuropaCuartos de Final Copa de Europa 1959/60Niza
23%
BrasilCopa IntercontinentalCopa Intercontinental 1998Vasco da Gama
23%
FranciaChampions LeagueFase de Grupos Champions League 2010/11Auxerre
21%
BélgicaCopa de EuropaOctavos de Final Copa de Europa 1969/70Standard Lieja
21%
RusiaChampions League2ª Fase de Grupos Champions League 2002/03Lokomotiv Moscú
20%
HungríaChampions LeagueFase de Grupos Champions League 1995/96Ferencvaros
18%
JapónMundial de ClubesSemifinal Mundial de Clubes 2018Kashima Antlers
18%
NoruegaChampions LeagueFase de Grupos Champions League 2005/06Rosenborg
18%
AustriaChampions LeagueFase de Grupos Champions League 1998/99Sturm Graz
18%
Arabia SaudíMundial de ClubesFase de Grupos Mundial de Clubes 2000Al-Nassr
16%
República ChecaChampions LeagueFase de Grupos Champions League 2018/19Viktoria Plzen
16%
Emiratos Árabes UnidosMundial de ClubesFinal Mundial de Clubes 2018Al-Ain
15%
ChecoslovaquiaCopa de EuropaOctavos de Final Copa de Europa 1964/65Dukla Praga
15%
PoloniaChampions LeagueRonda Previa Champions League 2004/05Wisla Cracovia
15%
Alemania FederalCopa de EuropaOctavos de Final Copa de Europa 1966/671860 Munich
13%
InglaterraCopa de EuropaOctavos de Final Copa de Europa 1975/76Derby County
13%
Alemania FederalCopa de la UEFACuartos de Final Copa de la UEFA 1981/82Kaiserslautern
13%
NoruegaChampions LeagueFase de Grupos Champions League 1999/00Molde
13%
DinamarcaCopa de Europa // Copa de la UEFAOctavos de Final Copa de la UEFA 1994/95Odense
13%
MéxicoMundial de ClubesTercer y Cuarto Puesto Mundial de Clubes 2000Necaxa
11%
ChecoslovaquiaCopa de la UEFATreintaidosavos de Final Copa de la UEFA 1991/92Slovan Bratislava
11%
PortugalCopa LatinaSemifinal Copa Latina 1955Os Belenenses
10%
BélgicaCopa de EuropaOctavos de Final Copa de Europa 1957/58Royal Antwerp
10%
Países BajosCopa de la UEFADieciseisavos de Final Copa de la UEFA 1991/92Utrecht
10%
Países BajosCopa de la UEFAOctavos de Final Copa de la UEFA 1992/93Vitesse
10%
Emiratos Árabes UnidosMundial de ClubesSemifinal Mundial de Clubes 2017Al-Jazira
8%
DinamarcaCopa de EuropaOctavos de Final Copa de Europa 1961/62B 1913 Odense
8%
DinamarcaCopa de EuropaRonda Previa Copa de Europa 1964/65Boldklubben 1909
8%
HungríaCopa de EuropaRonda Previa Copa de Europa 1961/62Budapest Vasas
8%
YugoslaviaCopa de la UEFADieciseisavos de Final Copa de la UEFA 1984/85HNK Rijeka
8%
EscociaCopa de EuropaOctavos de Final Copa de Europa 1965/66Kilmarnock
8%
AustriaCopa de EuropaOctavos de Final Copa de Europa 1990/91Swarovski Tirol
8%
ChipreCopa de EuropaRonda Previa Copa de Europa 1968/69AEL Limassol
7%
HungríaCopa de EuropaOctavos de Final Copa de Europa 1980/81Budapest Honved
7%
Alemania DemocráticaCopa de la UEFADieciseisavos de Final Copa de la UEFA 1981/82Carl Zeiss Jena
7%
MaltaRecopa de EuropaDieciseisavos Recopa de Europa 1970/71Hibernians
7%
DinamarcaCopa de EuropaOctavos de Final Copa de Europa 1967/68Hvidovre
7%
InglaterraCopa de la UEFATreintaidosavos de Final Copa de la UEFA 1973/74Ipswich Town
7%
LuxemburgoCopa de EuropaOctavos de Final Copa de Europa 1959/60Jeunesse Esch
7%
LuxemburgoCopa de EuropaDieciseisavos de Final Copa de Europa 1989/90Spora Luxembourg
7%
HungríaCopa de la UEFATreintaidosavos de Final Copa de la UEFA 1981/82Tatabanya
7%
HungríaRecopa de EuropaOctavos de Final Recopa de Europa 1982/83Ujpest
7%
HungríaCopa de la UEFAFinal Copa de la UEFA 1984/85Videoton
7%
AustriaRecopa de Europa // Copa de la UEFAOctavos de Final Recopa de Europa 1993/94Wacker Innsbruck
7%
AustriaCopa de EuropaCuartos de Final Copa de Europa 1958/59Wiener Sport Club
7%
RumaníaCopa de EuropaOctavos de Final Copa de Europa 1972/73Arges Pitesti
5%
URSSCopa de la UEFADieciseisavos de Final Copa de la UEFA 1985/86Chornomorets Odessa
5%
IslandiaRecopa de EuropaDieciseisavos de Final Recopa de Europa 1974/75Fram Reykjavik
5%
PoloniaCopa de EuropaOctavos de Final Copa de Europa 1988/89Gornik Zabrze
5%
IslandiaCopa de EuropaDieciseisavos de Final Copa de Europa 1972/73Keflavik
5%
IrlandaCopa de EuropaDieciseisavos de Final Copa de Europa 1980/81Limerick
5%
RumaníaRecopa de EuropaDieciseisavos de Final Recopa de Europa 1982/83Minerul Baia Mare
5%
NoruegaCopa de EuropaDieciseisavos Copa de Europa 1988/89Moss
5%
RumaníaCopa de la UEFATreintaidosavos de Final Copa de la UEFA 1992/93Politechnica Timisoara
5%
LuxemburgoCopa de EuropaDieciseisavos de Final Copa de Europa 1978/79Progrès Niedercorn
5%
PoloniaCopa de EuropaDieciseisavos de Final Copa de Europa 1976/77Stal Mielec
5%
RusiaCopa de la UEFADieciseisavos de Final Copa de la UEFA 1992/93Torpedo Moscú
5%
ChecoslovaquiaCopa de la UEFACuartos de Final Copa de la UEFA 1991/92Sigma Olomouc
3%

Distribución de puntuación

Porcentaje por número respondido

Porcentaje de gente con cada puntuación

Historial de tus puntuaciones

No has intentado esta prueba.